Normal view
MARC view
- Abd. Rahman Abd. Hamid
Entry Personal Name
001 - CONTROL NUMBER
- control field: 9572
003 - CONTROL NUMBER IDENTIFIER
- control field: OSt
005 - DATE AND TIME OF LATEST TRANSACTION
- control field: 20241203100703.0
008 - FIXED-LENGTH DATA ELEMENTS
- fixed length control field: 241203|| aca||aabn | a|a d
040 ## - CATALOGING SOURCE
- Original cataloging agency: OSt
- Transcribing agency: OSt
100 ## - HEADING--PERSONAL NAME
- Personal name: Abd. Rahman Abd. Hamid
670 ## - SOURCE DATA FOUND
- Source citation: Work cat.: (OSt)5014: Abd. Rahman Abd. Hamid,, RESEPI KE PUNCAK KEJAYAAN :

PORTAL AKMAL
E-MEL JKDM
AKMAL2U
G-BAM
u-PUSTAKA